000
00272nam a22001097a 4500
008
170117b xxu||||| |||| 00| 0 eng d
020
_a
9781451100655
041
_a
eng
080
_2
4TH
_a
618.2
245
_a
COMPREHENSIVE MEDICAL ASSISTING
_c
KRONENBERGER, J
942
_2
udc
_c
BK
999
_c
3033
_d
3033